[Event "Philidor "]
[Site "SchemingMind.com"]
[Date "2015.06.20"]
[Round "-"]
[White "Scooter"]
[Black "Raimondi"]
[Result "1-0"]
[WhiteCountry "USA"]
[BlackCountry "PER"]
[WhiteElo "1712"]
[WhiteRD "45"]
[BlackElo "1660"]
[BlackRD "66"]
[GameID "382385"]

1. d4 Nf6 2. Nf3 d5 3. Bf4 e6 4. e3 c5 5. Bb5+ Bd7 6. Bxd7+ Nbxd7 7. c3 Qb6 8. Qb3 Qxb3 9. axb3 Be7 10. O-O O-O
11. Nbd2 b5 12. Ra6 Bd8 13. Rfa1 Bb6 14. Bd6 Rfc8 15. dxc5 Nxc5 16. Bxc5 Bxc5 17. b4 Bb6 18. Nd4 Bxd4 19. exd4 Rc7 20. Nb3 Nd7
21. Nc5 Nb8 22. R6a5 Nc6 23. Rxb5 e5 24. dxe5 Nxe5 25. Rb7 Rxb7 26. Nxb7 Nc4 27. Ra2 Kf8 28. Na5 Nxa5 29. Rxa5 d4 30. Rd5 dxc3
31. bxc3 Rb8 32. Kf1 Ke7 33. Ke2 Ke6 34. Rd4 f5 35. f4 Rb7 36. Kd3 a6 37. Rc4 Rd7+ 38. Kc2 Kd6 39. Rd4+ Kc6 40. Rxd7 Kxd7
41. Kb3 Kc6 42. Ka4 Kb6 43. c4
1-0

[Event "Philidor "]
[Site "SchemingMind.com"]
[Date "2015.06.21"]
[Round "-"]
[White "Raimondi"]
[Black "kenneth m day"]
[Result "1-0"]
[WhiteCountry "PER"]
[BlackCountry "USA"]
[WhiteElo "1696"]
[WhiteRD "70"]
[BlackElo "1662"]
[BlackRD "51"]
[GameID "382386"]

1. e4 e5 2. Nf3 Nc6 3. Bb5 f5 4. Nc3 fxe4 5. Nxe4 Nf6 6. Qe2 d6 7. d4 Be7 8. dxe5 Nxe4 9. Qxe4 O-O 10. Bxc6 bxc6
11. O-O Bb7 12. exd6 Bxd6 13. b3 Rb8 14. Bb2 c5 15. Qe6+ Kh8 16. Ne1 Qg5 17. Qh3 Rbe8 18. Nd3 Bc8 19. g4 Bxg4 20. Qg2 Qg6
21. Rfe1 Bf5 22. Qxg6 Bxg6 23. Rad1 Rxe1+ 24. Nxe1 Bh5 25. Rd3 Bg6 26. Re3 Bf4 27. Re7 Bf7 28. Nf3 Bd6 29. Rd7 h6 30. Ne5 Be8
31. Ng6+ Bxg6 32. Rxg7
1-0

[Event "Philidor "]
[Site "SchemingMind.com"]
[Date "2015.06.21"]
[Round "-"]
[White "kenneth m day"]
[Black "Raimondi"]
[Result "0-1"]
[WhiteCountry "USA"]
[BlackCountry "PER"]
[WhiteElo "1662"]
[WhiteRD "51"]
[BlackElo "1696"]
[BlackRD "70"]
[GameID "382387"]

1. e4 e5 2. f4 exf4 3. Nf3 g5 4. h4 g4 5. Ne5 Nf6 6. Bc4 d5 7. exd5 Bd6 8. d4 Nh5 9. Nc3 Qe7 10. Qe2 Ng3
11. Bb5+ Bd7 12. Bxd7+ Nxd7 13. Qxg4 Nxh1 14. Bxf4 O-O-O 15. Kf1 Kb8 16. Kg1 Nf2 17. Kxf2 Nxe5 18. dxe5 Bxe5 19. Re1 Qc5+ 20. Be3 Qe7
21. Kf1 Qd7 22. Qb4 c6 23. dxc6 Qxc6 24. Bd2 Rxd2 25. Ne2 Rg8 26. g3 Rxc2 27. Qb3 Rxg3
0-1

[Event "Philidor "]
[Site "SchemingMind.com"]
[Date "2015.06.20"]
[Round "-"]
[White "Raimondi"]
[Black "frankly"]
[Result "0-1"]
[WhiteCountry "PER"]
[BlackCountry "ENG"]
[WhiteElo "1660"]
[WhiteRD "66"]
[BlackElo "2436"]
[BlackRD "60"]
[GameID "382388"]

1. e4 e5 2. Nf3 Nc6 3. Bb5 a6 4. Ba4 Nf6 5. O-O b5 6. Bb3 d6 7. c3 Be7 8. Re1 O-O 9. h3 Na5 10. Bc2 Bb7
11. d4 exd4 12. Nxd4 Re8 13. Nd2 c5 14. Nf5 Bf8 15. Nf3 Nxe4 16. Bf4 Qf6 17. Nxg7 Bxg7 18. Bxe4 Rxe4 19. Rxe4 Bxe4 20. Qxd6 Qxd6
21. Bxd6 Bxf3 22. gxf3 Nc4
0-1

[Event "Philidor "]
[Site "SchemingMind.com"]
[Date "2015.06.20"]
[Round "-"]
[White "frankly"]
[Black "Raimondi"]
[Result "1-0"]
[WhiteCountry "ENG"]
[BlackCountry "PER"]
[WhiteElo "2436"]
[WhiteRD "60"]
[BlackElo "1660"]
[BlackRD "66"]
[GameID "382389"]

1. e4 e5 2. Nf3 Nc6 3. d4 exd4 4. Nxd4 Nf6 5. Nxc6 bxc6 6. e5 Qe7 7. Qe2 Nd5 8. c4 Ba6 9. b3 g6 10. f4 Bg7
11. Qf2 Nb6 12. Ba3 Qe6 13. c5 Bxf1 14. cxb6 Ba6 15. bxc7 f6 16. Nc3 fxe5 17. O-O-O d5 18. Rhe1 Kd7 19. Ne4 Kxc7 20. Nc5 Qc8
21. fxe5 Bf8 22. Qf7+ Kb6 23. Kb2 Bxc5 24. Bxc5+ Kxc5 25. Qf2+
1-0

[Event "Philidor "]
[Site "SchemingMind.com"]
[Date "2015.06.20"]
[Round "-"]
[White "Raimondi"]
[Black "jerryface"]
[Result "1-0"]
[WhiteCountry "PER"]
[BlackCountry "USA"]
[WhiteElo "1696"]
[WhiteRD "70"]
[BlackElo "1451"]
[BlackRD "70"]
[GameID "382390"]

1. e4 c5 2. Nf3 d6 3. d4 cxd4 4. Nxd4 e5 5. Nb3 Be6 6. Nc3 a6 7. Be3 Nf6 8. f3 Bxb3 9. axb3 Be7 10. Nd5 O-O
11. Be2 Nxd5 12. Qxd5 Nc6 13. O-O Qc7 14. c3 Kh8 15. f4
1-0

[Event "Philidor "]
[Site "SchemingMind.com"]
[Date "2015.06.20"]
[Round "-"]
[White "jerryface"]
[Black "Raimondi"]
[Result "0-1"]
[WhiteCountry "USA"]
[BlackCountry "PER"]
[WhiteElo "1451"]
[WhiteRD "70"]
[BlackElo "1696"]
[BlackRD "70"]
[GameID "382391"]

1. e4 e5 2. Bc4 Nf6 3. Nf3 Nc6 4. Nc3 Bc5 5. O-O O-O 6. Nd5 d6 7. h3 Nxe4 8. d3 Nf6 9. Bg5 h6 10. Bh4 Be6
11. Nxf6+ gxf6 12. Bxe6 fxe6 13. Qd2 Kh7 14. a3 Nd4
0-1

[Event "Philidor "]
[Site "SchemingMind.com"]
[Date "2015.06.20"]
[Round "-"]
[White "Raimondi"]
[Black "Ramesh Panwar"]
[Result "0-1"]
[WhiteCountry "PER"]
[BlackCountry "IND"]
[WhiteElo "1660"]
[WhiteRD "66"]
[BlackElo "2393"]
[BlackRD "58"]
[GameID "382392"]

1. e4 e5 2. Nf3 Nc6 3. Bb5 a6 4. Ba4 Nf6 5. O-O Be7 6. Re1 b5 7. Bb3 d6 8. c3 O-O 9. h3 Bb7 10. d4 Re8
11. Nbd2 exd4 12. cxd4 Na5 13. Bc2 Nd7 14. Nf1 Bf6 15. Ng3 g6 16. Bh6 Rb8 17. b3 c5 18. Rc1 Nc6 19. d5 Nb4 20. a3 Na2
21. Nh2 Nxc1 22. Qxc1 b4 23. axb4 cxb4 24. Ng4 Rc8 25. Qd1 Bc3 26. Rf1 a5 27. f4 Ba6 28. Rf3 f5 29. Ne3 a4 30. Ngxf5 a3
31. Bb1 Bb2
0-1

[Event "Philidor "]
[Site "SchemingMind.com"]
[Date "2015.06.20"]
[Round "-"]
[White "Ramesh Panwar"]
[Black "Raimondi"]
[Result "1-0"]
[WhiteCountry "IND"]
[BlackCountry "PER"]
[WhiteElo "2359"]
[WhiteRD "55"]
[BlackElo "1694"]
[BlackRD "71"]
[GameID "382393"]

1. d4 Nf6 2. c4 g6 3. Nc3 Bg7 4. e4 d6 5. Nf3 O-O 6. Be2 e5 7. d5 a5 8. Bg5 Na6 9. Nd2 Nc5 10. O-O c6
11. b3 Qc7 12. a3 Kh8 13. b4 Ncd7 14. Qb3 cxd5 15. cxd5 b6 16. Nb5 Qb8 17. Qe3 Ba6 18. Rfc1 Rc8 19. Rc6 Bxb5 20. Bxb5 Rxc6
21. dxc6 Nf8 22. Qf3 Ne8 23. Qxf7 Qa7 24. Be7
1-0

[Event "Philidor "]
[Site "SchemingMind.com"]
[Date "2015.06.25"]
[Round "-"]
[White "Raimondi"]
[Black "The Stonewall"]
[Result "0-1"]
[WhiteCountry "PER"]
[BlackCountry "ENG"]
[WhiteElo "1696"]
[WhiteRD "70"]
[BlackElo "2198"]
[BlackRD "76"]
[GameID "382405"]

1. e4 c5 2. Nf3 Nc6 3. d4 cxd4 4. Nxd4 g6 5. c4 Bg7 6. Be3 Nf6 7. Nc3 d6 8. Be2 Nxd4 9. Bxd4 O-O 10. O-O Bd7
11. Qd2 Ng4 12. h3 Bxd4 13. Qxd4 Ne5 14. Nd5 Nc6 15. Qd2 f5 16. exf5 Bxf5 17. Rfe1 Rc8 18. b3 Qe8 19. Bf3 Qf7 20. Re3 Ne5
21. Be2 Qg7 22. Re1 Kh8 23. Qc3 e6 24. Nb4 a5 25. Nd3 Nf3+
0-1

[Event "Philidor "]
[Site "SchemingMind.com"]
[Date "2015.06.25"]
[Round "-"]
[White "The Stonewall"]
[Black "Raimondi"]
[Result "1-0"]
[WhiteCountry "ENG"]
[BlackCountry "PER"]
[WhiteElo "2216"]
[WhiteRD "75"]
[BlackElo "1660"]
[BlackRD "66"]
[GameID "382406"]

1. d4 Nf6 2. c4 g6 3. Nc3 Bg7 4. e4 O-O 5. f3 d6 6. Be3 e5 7. Nge2 c6 8. Qd2 Nbd7 9. d5 cxd5 10. cxd5 a6
11. g4 h5 12. h3 Nh7 13. Rg1 h4 14. Nc1 f6 15. Kf2 Rf7 16. Kg2 Ndf8 17. Nd3 g5 18. Na4 b5 19. Nb6 Rb8 20. Nxc8 Rxc8
21. Nb4 Ra8 22. Nc6 Qc8 23. Bd3 Rc7 24. Rgc1 Qb7 25. Qb4 Rd7 26. a4 Ng6 27. Na5 Qb8 28. axb5 axb5 29. Bxb5 Rf7 30. Nc6 Qb7
31. Rxa8+ Qxa8 32. Qxd6 Nhf8 33. Nd8
1-0

[Event "Philidor "]
[Site "SchemingMind.com"]
[Date "2015.06.25"]
[Round "-"]
[White "Kenny Elliott"]
[Black "The Stonewall"]
[Result "0-1"]
[WhiteCountry "USA"]
[BlackCountry "ENG"]
[WhiteElo "1647"]
[WhiteRD "73"]
[BlackElo "2216"]
[BlackRD "75"]
[GameID "382407"]

1. d4 e6 2. e4 c5 3. Nf3 cxd4 4. Nxd4 Nf6 5. e5 Nd5 6. Bc4 Qa5+ 7. Bd2 Qc5 8. Qe2 Qxd4 9. Bc3 Nxc3 10. Nxc3 Bb4
11. O-O Bxc3 12. bxc3 Qxc3 13. Bb3 b6 14. Rfd1 Ba6 15. Qg4 Qxe5 16. Re1 Qf6 17. Rad1 O-O 18. Rd2 d5 19. Qa4 Bb7 20. Red1 Nc6
21. c4 d4 22. h3 Rfd8 23. Qb5 Rac8 24. c5 Qg5 25. a4 Ne5 26. Rd3 Qxg2#
0-1

[Event "Philidor "]
[Site "SchemingMind.com"]
[Date "2015.06.25"]
[Round "-"]
[White "The Stonewall"]
[Black "Kenny Elliott"]
[Result "1-0"]
[WhiteCountry "ENG"]
[BlackCountry "USA"]
[WhiteElo "2216"]
[WhiteRD "75"]
[BlackElo "1647"]
[BlackRD "73"]
[GameID "382408"]

1. e4 c5 2. Nf3 d6 3. d4 cxd4 4. Qxd4 Nc6 5. Bb5 Bd7 6. Bxc6 Bxc6 7. Nc3 e5 8. Qd3 Nf6 9. Bg5 Be7 10. O-O-O O-O
11. Bxf6 Bxf6 12. Qxd6 Bg5+ 13. Kb1 Qxd6 14. Rxd6 Bf6 15. Nd5 Bxd5 16. Rxd5 Rfe8 17. Rhd1 h6 18. Rd7 b6 19. c3 a5 20. Kc2 b5
21. R1d5 b4 22. c4 Reb8 23. Nxe5 a4 24. Kd3 Re8 25. f4 g5 26. Nxf7 gxf4 27. Nxh6+ Kf8 28. Rf7#
1-0

[Event "Philidor "]
[Site "SchemingMind.com"]
[Date "2015.06.24"]
[Round "-"]
[White "fouche"]
[Black "The Stonewall"]
[Result "0-1"]
[WhiteCountry "COL"]
[BlackCountry "ENG"]
[WhiteElo "1596"]
[WhiteRD "62"]
[BlackElo "2216"]
[BlackRD "75"]
[GameID "382409"]

1. d4 Nf6 2. Nf3 d6 3. e3 g6 4. Bd3 Bg7 5. O-O O-O 6. Nbd2 b6 7. e4 Bb7 8. Re1 Nbd7 9. c4 c5 10. Rb1 cxd4
11. Nxd4 Nc5 12. N2f3 Nfxe4 13. Bd2 Nxd3 14. Re3 Ndxf2 15. Qe1 d5 16. cxd5 Qxd5 17. Bc3 Rfd8 18. Rc1 Bh6 19. Rxe4 Nxe4 20. Rc2 Nxc3
21. bxc3 Qc5 22. Kh1 Rac8 23. h3 Bxf3 24. Nxf3 Bg7 25. a4 Bxc3 26. Qe2 Qb4
0-1

[Event "Philidor "]
[Site "SchemingMind.com"]
[Date "2015.06.25"]
[Round "-"]
[White "The Stonewall"]
[Black "fouche"]
[Result "1-0"]
[WhiteCountry "ENG"]
[BlackCountry "COL"]
[WhiteElo "2216"]
[WhiteRD "75"]
[BlackElo "1596"]
[BlackRD "62"]
[GameID "382410"]

1. d4 e6 2. e4 d5 3. Bd3 c6 4. e5 Nd7 5. f4 Bb4+ 6. c3 Ba5 7. Nd2 Ne7 8. Ne2 c5 9. O-O cxd4 10. Nxd4 Bb6
11. Nb3 O-O 12. Rf3 Nc5 13. Nxc5 Bxc5 14. Bxh7+ Kxh7 15. Rh3+
1-0

[Event "Philidor "]
[Site "SchemingMind.com"]
[Date "2015.06.25"]
[Round "-"]
[White "The Stonewall"]
[Black "emvarela"]
[Result "1-0"]
[WhiteCountry "ENG"]
[BlackCountry "ARG"]
[WhiteElo "2206"]
[WhiteRD "81"]
[BlackElo "1741"]
[BlackRD "50"]
[GameID "382411"]

1. d4 Nf6 2. c4 e6 3. g3 Bb4+ 4. Bd2 Bxd2+ 5. Nxd2 O-O 6. Bg2 d5 7. Ngf3 b6 8. O-O Bb7 9. Rc1 Nbd7 10. cxd5 exd5
11. Qb3 c5 12. dxc5 Nxc5 13. Rxc5 bxc5 14. Qxb7 Qb6 15. Qxb6 axb6 16. a3 Rfe8 17. e3 Ne4 18. Nxe4 dxe4 19. Nd2 f5 20. Nc4 Re6
21. f3 b5 22. fxe4 fxe4 23. Nd2 Rae8 24. Rf5 Rd6 25. Nxe4 Rd1+ 26. Rf1 Rxf1+ 27. Kxf1 c4 28. Ke2 h6 29. Nd6 Rb8 30. Bd5+ Kh7
31. e4 g5 32. e5 Kg6 33. Ke3 Rd8 34. Bc6
1-0

[Event "Philidor "]
[Site "SchemingMind.com"]
[Date "2015.06.25"]
[Round "-"]
[White "emvarela"]
[Black "The Stonewall"]
[Result "0-1"]
[WhiteCountry "ARG"]
[BlackCountry "ENG"]
[WhiteElo "1741"]
[WhiteRD "50"]
[BlackElo "2206"]
[BlackRD "81"]
[GameID "382412"]

1. e4 Nf6 2. e5 Nd5 3. d4 Nb6 4. c4 d6 5. Nf3 g6 6. Nc3 Bg7 7. exd6 cxd6 8. Be3 O-O 9. Be2 Nc6 10. O-O Bg4
11. b3 d5 12. cxd5 Nxd5 13. Nxd5 Qxd5 14. h3 Bf5 15. Bc4 Qd6 16. Rc1 Rac8 17. Qe2 a6 18. d5 Na5 19. Bg5 Rfe8 20. Nd2 h6
21. Bh4 b5 22. Bg3 Qa3 23. Bd3 Rxc1 24. Bxf5 gxf5
0-1

[Event "Philidor "]
[Site "SchemingMind.com"]
[Date "2015.06.24"]
[Round "-"]
[White "The Stonewall"]
[Black "Scooter"]
[Result "1-0"]
[WhiteCountry "ENG"]
[BlackCountry "USA"]
[WhiteElo "2216"]
[WhiteRD "75"]
[BlackElo "1712"]
[BlackRD "45"]
[GameID "382413"]

1. b4 Nf6 2. Bb2 g6 3. c4 Bg7 4. Nf3 O-O 5. g3 b6 6. Bg2 Bb7 7. O-O d6 8. d3 Nbd7 9. Nbd2 e5 10. Qc2 Rb8
11. e3 Re8 12. e4 a6 13. a3 c5 14. h3 Bh6 15. Nb3 cxb4 16. axb4 Rc8 17. Bc1 Bxc1 18. Rfxc1 b5 19. Na5 Bc6 20. Qb3 Qb6
21. Ng5 bxc4 22. Nxc4 Qb8 23. Nxf7
1-0

[Event "Philidor "]
[Site "SchemingMind.com"]
[Date "2015.06.24"]
[Round "-"]
[White "Scooter"]
[Black "The Stonewall"]
[Result "0-1"]
[WhiteCountry "USA"]
[BlackCountry "ENG"]
[WhiteElo "1712"]
[WhiteRD "45"]
[BlackElo "2216"]
[BlackRD "75"]
[GameID "382414"]

1. d4 e6 2. Nf3 c5 3. e3 b6 4. c3 Bb7 5. Be2 f5 6. O-O Nf6 7. Nbd2 Be7 8. h3 O-O 9. b3 Nc6 10. Bb2 Qc7
11. Bb5 a6 12. Bxc6 Qxc6 13. Nc4 Qc7 14. Rc1 b5 15. Nce5 c4 16. Qe2 d6 17. Nxc4 bxc4
0-1

[Event "Philidor "]
[Site "SchemingMind.com"]
[Date "2015.06.25"]
[Round "-"]
[White "The Stonewall"]
[Black "kenneth m day"]
[Result "1-0"]
[WhiteCountry "ENG"]
[BlackCountry "USA"]
[WhiteElo "2198"]
[WhiteRD "76"]
[BlackElo "1662"]
[BlackRD "51"]
[GameID "382415"]

1. b4 e5 2. Bb2 f6 3. b5 Bb4 4. c4 Ne7 5. Qb3 a5 6. Nf3 O-O 7. a3 Bc5 8. e3 Kh8 9. d4 exd4 10. exd4 Ba7
11. Bd3 d5 12. c5 Nd7 13. O-O c6 14. Nc3 cxb5 15. Nxb5 Bb8 16. Rfe1 Re8 17. Nc3 Nc6 18. Rxe8+ Qxe8 19. Re1 Qf7 20. Qxd5 Nde5
21. Qxf7
1-0

[Event "Philidor "]
[Site "SchemingMind.com"]
[Date "2015.06.25"]
[Round "-"]
[White "kenneth m day"]
[Black "The Stonewall"]
[Result "0-1"]
[WhiteCountry "USA"]
[BlackCountry "ENG"]
[WhiteElo "1630"]
[WhiteRD "54"]
[BlackElo "2206"]
[BlackRD "81"]
[GameID "382416"]

1. e4 Nf6 2. e5 Nd5 3. d4 d6 4. c4 Nb6 5. f4 g6 6. Nc3 Bg7 7. Nf3 O-O 8. h4 Bg4 9. Be2 N8d7 10. O-O f6
11. b3 c5 12. Nd5 Nxd5 13. cxd5 Bxf3 14. Bxf3 fxe5 15. fxe5 dxe5 16. dxe5 Nxe5 17. Rb1 Nxf3+ 18. Rxf3 Bd4+ 19. Kh1 Qxd5 20. Bg5 Rxf3
21. Qxf3 Qxf3 22. gxf3 Kf7 23. Re1 Bf6 24. Kg2 Bxg5 25. hxg5 Rd8 26. Re2 Rd5 27. f4 Rd3 28. Kf2 b6 29. Rc2 Ke8 30. Ke2 Rh3
31. Rd2 Rh2+ 32. Ke3 Rxd2 33. Kxd2 Kd7 34. Kd3 Kd6 35. Ke4 Ke6 36. a3 a6 37. Ke3 Kf5 38. Kf3 e5 39. fxe5 Kxe5
0-1

[Event "Philidor "]
[Site "SchemingMind.com"]
[Date "2015.06.23"]
[Round "-"]
[White "The Stonewall"]
[Black "frankly"]
[Result "0-1"]
[WhiteCountry "ENG"]
[BlackCountry "ENG"]
[WhiteElo "2198"]
[WhiteRD "76"]
[BlackElo "2460"]
[BlackRD "56"]
[GameID "382417"]

1. d4 Nf6 2. c4 e6 3. Nc3 Bb4 4. e3 O-O 5. Ne2 d5 6. a3 Bd6 7. Ng3 c5 8. cxd5 cxd4 9. exd4 exd5 10. Be2 Nc6
11. O-O Be6 12. Bg5 h6 13. Be3 Na5 14. Nb5 Bb8 15. Bd2 Nc4 16. Bb4 Re8 17. b3 Na5 18. Nc3 Nc6 19. Bb5 Ng4 20. Nce2 h5
21. h3 Nf6 22. Bxc6 bxc6 23. Re1 h4 24. Nf1 Ne4 25. Nc3 a5 26. Nxe4 axb4 27. Nc5 Rxa3 28. Qd2 Bd6 29. Nb7 Qe7 30. Nxd6 Qxd6
31. Rab1 Bd7 32. Rxe8+ Bxe8 33. Qe3 Bd7 34. Nd2 Qe6 35. Qf4 Qf6 36. Qxf6 gxf6 37. Nf3 Bf5 38. Rb2 Be4 39. Nxh4 Ra1+ 40. Kh2 Rd1
41. f3 Bh7 42. Kg3 Rxd4 43. f4 Rd3+ 44. Kf2 Be4 45. Nf3 Bxf3 46. gxf3 f5 47. Ke2 Rc3
0-1

[Event "Philidor "]
[Site "SchemingMind.com"]
[Date "2015.06.23"]
[Round "-"]
[White "frankly"]
[Black "The Stonewall"]
[Result "1-0"]
[WhiteCountry "ENG"]
[BlackCountry "ENG"]
[WhiteElo "2436"]
[WhiteRD "60"]
[BlackElo "2216"]
[BlackRD "75"]
[GameID "382418"]

1. e4 c5 2. Nf3 Nc6 3. d4 cxd4 4. Nxd4 e5 5. Nb5 d6 6. N1c3 a6 7. Na3 Be7 8. Nc4 b5 9. Ne3 Nf6 10. a3 Be6
11. Be2 O-O 12. O-O Rc8 13. Ned5 Nd4 14. Bd3 Nxd5 15. Nxd5 f5 16. c3 fxe4 17. Bxe4 Nf5 18. a4 Bg5 19. Bxg5 Qxg5 20. axb5 axb5
21. Ra6 Rc5 22. Qd3 b4 23. cxb4 Rc1 24. Ra1 Rxf1+ 25. Rxf1 Qd8 26. b5 Kh8 27. b6 Nd4 28. b7 Qb8 29. Qa6 Rf7 30. Nc7 Rxc7
31. Qa8 Rxb7 32. Qxb7
1-0

[Event "Philidor "]
[Site "SchemingMind.com"]
[Date "2015.06.25"]
[Round "-"]
[White "The Stonewall"]
[Black "jerryface"]
[Result "1-0"]
[WhiteCountry "ENG"]
[BlackCountry "USA"]
[WhiteElo "2198"]
[WhiteRD "76"]
[BlackElo "1451"]
[BlackRD "70"]
[GameID "382419"]

1. d4 d5 2. c4 e6 3. Nc3 Nf6 4. cxd5 exd5 5. Bg5 Be7 6. e3 O-O 7. Bd3 Nc6 8. a3 a6 9. Qc2 g6 10. Nge2 b5
11. Nxb5 axb5 12. Qxc6 Bd7 13. Qc2 Rc8 14. O-O Re8 15. Rfc1
1-0

[Event "Philidor "]
[Site "SchemingMind.com"]
[Date "2015.06.24"]
[Round "-"]
[White "jerryface"]
[Black "The Stonewall"]
[Result "0-1"]
[WhiteCountry "USA"]
[BlackCountry "ENG"]
[WhiteElo "1451"]
[WhiteRD "70"]
[BlackElo "2198"]
[BlackRD "76"]
[GameID "382420"]

1. e4 e6 2. Nf3 c5 3. Bb5 a6 4. Ba4 b5 5. Bb3 c4 6. Bxc4 bxc4 7. Nc3 Nc6 8. a3 Bc5 9. O-O a5 10. Na4 Ba7
11. Qe2 Ba6 12. c3 Nge7 13. Nd4 Nxd4
0-1

[Event "Philidor "]
[Site "SchemingMind.com"]
[Date "2015.06.24"]
[Round "-"]
[White "The Stonewall"]
[Black "Ramesh Panwar"]
[Result "0-1"]
[WhiteCountry "ENG"]
[BlackCountry "IND"]
[WhiteElo "2198"]
[WhiteRD "76"]
[BlackElo "2377"]
[BlackRD "57"]
[GameID "382421"]

1. c4 e5 2. g3 Nf6 3. Bg2 Nc6 4. Nc3 Bb4 5. Nd5 O-O 6. Nxb4 Nxb4 7. d3 Re8 8. a3 Nc6 9. e4 d6 10. Ne2 a5
11. b3 Bd7 12. O-O Qb8 13. h3 b5 14. Be3 b4 15. a4 Bc8 16. f4 Bb7 17. f5 h6 18. Qd2 Qd8 19. Kh2 Nb8 20. Rad1 Nbd7
21. g4 Nc5 22. Bxc5 dxc5 23. g5 hxg5 24. Qxg5 Nd7 25. Qg3 Ra6 26. Rg1 Rh6 27. Bf3 Rh7 28. Qf2 Qf6 29. Rg3 Qd6 30. Qe3 Kf8
31. Rdg1 Nf6 32. R1g2 Rd8 33. Nc1 Qd4 34. Qg1 Bc6 35. Bg4 Ke7 36. Bf3 Rdh8 37. Qf2 Bd7 38. Ne2 Qxd3 39. Qxc5+ Qd6 40. Qe3 Bc6
41. Nc1 Rd8 42. Re2 Rh4 43. Rxg7 Rdh8 44. Rg3 Nxe4 45. Bxe4 Rxe4 46. Qf2 Rd4 47. f6+ Kd8 48. Qf5 Rd1 49. Rd3 Rxd3 50. Qxd3 Bd7
51. Qxd6 Rxh3+ 52. Kg2 cxd6
0-1

[Event "Philidor "]
[Site "SchemingMind.com"]
[Date "2015.06.24"]
[Round "-"]
[White "Ramesh Panwar"]
[Black "The Stonewall"]
[Result "1-0"]
[WhiteCountry "IND"]
[BlackCountry "ENG"]
[WhiteElo "2377"]
[WhiteRD "57"]
[BlackElo "2198"]
[BlackRD "76"]
[GameID "382422"]

1. d4 Nf6 2. c4 g6 3. Nc3 Bg7 4. e4 d6 5. h3 O-O 6. Nf3 Na6 7. Bd3 e5 8. d5 Nc5 9. Bc2 a5 10. O-O Nh5
11. Bg5 Bf6 12. Be3 Nf4 13. a3 Qe7 14. Qd2 Bd7 15. b4 axb4 16. axb4 Rxa1 17. Rxa1 Na6 18. Na4 Ra8 19. Nb2 Rf8 20. Nd3 g5
21. b5 Nc5 22. Nxc5 dxc5 23. Ra7 Rb8 24. Qd1 Qd6 25. Nd2 Qb6 26. Ra2 Re8 27. Nf1 Be7 28. Ng3 Qg6 29. Ra7 g4 30. Nf5 gxh3
31. g3 Bc8 32. Kh2 Bf8 33. Ra8 b6 34. Nh4 Qh5 35. Qh1 Qe2 36. Bd1 Qxc4 37. gxf4 exf4 38. Bd2 Bd7 39. Rxe8 Bxe8 40. Bxf4 Qc3
41. Qg1+ Kh8 42. Nf5 Bxb5 43. Qg5 f6 44. Qh4 Bd7 45. e5 Bxf5 46. Qxf6+
1-0